000 00570nam a2200229Ia 4500
003 OSt
005 20220924144314.0
006 a|||||r|||| 00| 0
007 ta
008 220923b |||||||| |||| 00| 0 urd d
024 _a313437
037 _cTextual
040 _aARTS
_cARTS
_burd
041 _2urd
_aurd
082 _aO168,1MAK2,1, G1
100 _aAkbar Haideri
_9205707
245 0 _aRooh-e-Jazbaat
260 _c1931
650 _aURDU POETRY
942 _hO168,1MAK2,1, G1
_cTEXL
_2CC
999 _c456679
_d456679